Ergonomie pracovního místa
Ergonómia - veda o tom, ako správne upraviť pracovné prostredie a nástroje v ňom používané podľa fyzických potrieb konkrétneho pracovníka.
Gespeichert in:
| 1. Verfasser: | |
|---|---|
| Format: | Buchkapitel |
| Sprache: | Tschechisch |
| Schlagworte: | |
| Tags: |
Keine Tags, Fügen Sie das erste Tag hinzu!
|
MARC
| LEADER | 00000naa$a2200000$$$4500 | ||
|---|---|---|---|
| 001 | 0113517 | ||
| 005 | 20231019115255.6 | ||
| 041 | 0 | |a cze | |
| 044 | |a CZ | ||
| 245 | 1 | 0 | |a Ergonomie pracovního místa |c Pavel Lůžek |
| 520 | |a Ergonómia - veda o tom, ako správne upraviť pracovné prostredie a nástroje v ňom používané podľa fyzických potrieb konkrétneho pracovníka. | ||
| 610 | 2 | 0 | |a miesta pracovné |
| 610 | 2 | 0 | |a ergonómia |
| 610 | 2 | 0 | |a vybavenosť pracoviska |
| 610 | 2 | 0 | |a svetlo |
| 610 | 2 | 0 | |a osvetlenie |
| 610 | 2 | 0 | |a prostredie pracovné |
| 100 | 1 | |a Lůžek, Pavel | |